00644nam a2200193 a 450000100100000000500170001000800410002702000180006804000250008608200170011110000320012824500750016026000360023530000210027150000700029265000380036265000230040065000270042300003026820260202091015.0110505s2011 dr 001 0 spa d z9789945194268 aDO-SdBNPbspacBNPHU a158.1bS715t1 aSosa Sosa, Diego A.,d1966-10aTú eres la estrella :bfortalece tus 5 puntos /cDiego A. Sosa Sosa. aSanto Domingo :bBúho,c2011. a248 p. ;c23 cm. aIncluye datos biográficos del autor en la solapa de la cubierta 0aAutorrealización (Psicología) 0aRelaciones humanas 0aPsicología aplicada